| 000 | 00946nam a2200217 a 4500 | ||
|---|---|---|---|
| 001 | BRCA_8813 | ||
| 005 | 20190320210424.0 | ||
| 008 | 240417s1761----sp-#######---#000-0#spa-# | ||
| 041 | _aspa | ||
| 044 | _asp | ||
| 084 |
_aBE194 _b.J67 1761 |
||
| 100 | 1 |
_aJoseph de Jesús María _921961 |
|
| 245 | 1 | 0 |
_aHistoria de la vida, y excelencias de la sacratissima Virgen María nuestra señora, desde el milagrso nacimiento de Christo nuestro señor, hasta la adoración de los santos reyes _bpor el R.P. Fray Joseph de Jesús María primer historiador General de la Sagrada Reforma de Nuestra Señora del Carmen; tomo séptimo. |
| 260 |
_aMadrid _bPor Antonio Perez de Soto _c1761 |
||
| 300 |
_a[6], 411 p. (t.7) _c15.6 x 10 cm. |
||
| 500 | _aEstado físico: presenta encuadernación en pergamino | ||
| 650 | 1 | 4 |
_aVirgen María _yObras anteriores a 1800 _921962 |
| 700 | 1 |
_aPerez de Soto, Antonio _eImpresor _921963 |
|
| 902 | _aCFM | ||
| 942 |
_2lcc _cB |
||
| 999 |
_c8464 _d8464 |
||